| 000 | 01245cam a22003494a 4500 | ||
|---|---|---|---|
| 003 | OSt | ||
| 005 | 20140310182528.0 | ||
| 008 | 050909s2006 paua b 001 0 eng | ||
| 010 | _a 2005053767 | ||
| 020 | _a0443066604 (pbk.) | ||
| 020 | _a9780443066603 (pbk.) | ||
| 050 | 0 | 0 |
_aRB 45 _b.D24 2006 |
| 245 | 0 | 0 |
_aDacie and Lewis practical haematology / _c[edited by] S. Mitchell Lewis, Barbara J. Bain, Imelda Bates. |
| 246 | 3 | 0 | _aPractical haematology |
| 250 | _a10th ed. | ||
| 260 |
_aPhiladelphia : _bChurchill Livingstone/Elsevier, _cc2006. |
||
| 300 |
_a722 p. : _bcol. ill. ; _c24 cm. |
||
| 500 | _aIncludes bibliographical references and index. | ||
| 650 | 0 |
_aBlood _xExamination. _99586 |
|
| 650 | 0 |
_aHematology _xTechnique. _99587 |
|
| 650 | 1 | 2 |
_aHematologic Diseases _xdiagnosis. _99588 |
| 650 | 1 | 2 |
_aHematologic Tests. _99589 |
| 650 | 2 | 2 |
_aBlood. _98127 |
| 650 | 2 | 2 |
_aLaboratory Techniques and Procedures. _97715 |
| 700 | 1 |
_aLewis, S. M. _q(Shirley Mitchell) _99590 |
|
| 700 | 1 |
_aBain, Barbara J. _99591 |
|
| 700 | 1 |
_aBates, Imelda. _99592 |
|
| 700 | 1 |
_aDacie, John V. _q(John Vivian), _cSir. _99593 |
|
| 700 | 1 |
_aDacie, John V. _q(John Vivian), _cSir. Practical haematology. _99594 |
|
| 942 |
_2lcc _cSSLC |
||
| 999 |
_c14096 _d14096 |
||